01011nam a2200325 a 450000100060000000300090000600500170001500600090003200800410004101500120008201700530009402000150014704000280016204100130019008000120020308200160021510000150023113000430024624501380028924600170042725000120044426000330045630000430048933600190053233700200055150400520057165000180062365000130064170000310065424544CO-ViMGA20230915232006.0a5227413141112s2004 ck r 000 u spa d aMON1207 aB 6281 - 2012 Oficina Depósito Legal Barcelona a8481747459 aCO-ViMGAbspacCO-ViMGA aspabeng a615.01504a615.1 R163f1 aRang, H.P. aRang and Dale's Pharmacology Español10aFarmacologia / cH.P. Rang, M.M. Dale, J.M. Ritter, P.K. Moore ; [traduccion y produccion editorial, Gea Consultoria Editorial, S.L.] aPharmacology a5a. ed. aBarcelona Elsevier D.L. 2004 aXII, 797 p. il. col. y n., graf. 28 cm aTexto (visual) asin mediación aIncluye referencias bibliográficas e índice14aFarmacologia 14aFarmacos1 aLamb, peter, Ilustraciones